Infancias soñadas y otros ensayos. (Registro nro. 2253)
[ vista simple ]
| 000 -CABECERA | |
|---|---|
| campo de control de longitud fija | 00292nam a2200121 a 4500 |
| 001 - NÚMERO DE CONTROL | |
| campo de control | 000002417 |
| 005 - FECHA Y HORA DE LA ÚLTIMA TRANSACCIÓN | |
| campo de control | 20200929150208.0 |
| 008 - DATOS DE LONGITUD FIJA--INFORMACIÓN GENERAL | |
| campo de control de longitud fija | 090702s2002 000 spa d |
| 020 ## - NÚMERO INTERNACIONAL ESTÁNDAR DEL LIBRO | |
| Número Internacional Estándar del Libro | 8489384371 |
| 040 ## - FUENTE DE LA CATALOGACIÓN | |
| Centro catalogador/agencia de origen | DO-SdBNP |
| 245 #0 - MENCIÓN DE TÍTULO | |
| Título | Infancias soñadas y otros ensayos. |
| 260 ## - PUBLICACIÓN, DISTRIBUCIÓN, ETC. | |
| Lugar de publicación, distribución, etc. | Madrid, |
| Fecha de publicación, distribución, etc. | 2002. |
| Estado de retiro | Estado de pérdida | Restricciones de uso | No para préstamo | Código de colección | Localización permanente | Ubicación/localización actual | Ubicación en estantería | Fecha de adquisición | Número de inventario | Total de préstamos | Signatura topográfica completa | Código de barras | Fecha visto por última vez | Precio válido a partir de | Tipo de ítem Koha |
|---|---|---|---|---|---|---|---|---|---|---|---|---|---|---|---|
| Préstamo interno | Monografías: Libros y Folletos | General | General | En catalogación | 02.07.2009 | LF1 | 2417-10 | 25.06.2020 | 25.06.2020 | Préstamo interno |
